000 00786nam a2200217 i 4500
001 129473
003 ES-MaACL
005 20230906193516.0
007 t|
008 070615s1945 ag ||||1| spa d
080 _a92 Isabel (42) I
080 _a942"1558/603"
100 1 _aThane, Elswyth.
_9109864
245 1 3 _aLa moza Tudor
_b: la juventud novelesca y amorosa de Isabel de Inglaterra /
_cElswyth Thane ; traducción de Herta M. E. de Jacobsen.
260 _aBuenos Aires :
_bMundo Atlántico (
_fCompañía Impresora Argentina)
300 _a377 p., 3 h. lám. I-IV ;
_c23 cm.
500 _aRet. de la biografiada.
600 1 4 _aIsabel
_bI
_cReina de Inglaterra (
_d1533-1603)
_9162921
700 1 _aJacobsen, Herta M. E. de.
_965854
852 _aES-MaACL
_jA-2645
_bR.22689
999 _c129473
_d129473